Educazione infantile : manuale per le mamme e le istitutrici. Parte I

Salvato in:
Dettagli Bibliografici
Autore principale: De Dominicis, Saverio
Natura: Libro
Lingua:italiano
Pubblicazione: Milano Albrighi 1900
Catalogo:EDISCO:  Risultati della ricerca del catalogo della biblioteca
Libro di testo Classificazione:
Tags: Aggiungi Tag
Nessun Tag, puoi essere il primo ad aggiungerne!!
Aggiunto a:2016-04-30
Cambiato in:2017-10-04

MARC

LEADER 00000aam a22000005 4500
001 19097
003 OSt
005 20171004090242.0
008 160501s1900 it 000 0 ita
040 |c Paola Zonca - Torino - SBN 
041 1 |a ita 
100 1 |a De Dominicis, Saverio 
245 0 0 |a Educazione infantile : manuale per le mamme e le istitutrici. Parte I 
260 |a Milano  |b Albrighi  |c 1900 
300 |a p. XXIIJ,, 1/x ;   |c in 16° 
510 3 |a L. 1.50. 
901 |a 5 
852 |a SBN 
942 |2 ddc  |c BK 
546 |a ita 
999 |c 19086  |d 19086 
999 |c edisco:19086  |d 19086